000 00776nam a22001937a 4500
999 _c80906
_d80906
008 201130b ||||| |||| 00| 0 eng d
040 _bger
_cDE-2950
_erda
_aDE-2950
041 _ager
100 _aMahlke, Lisa:
245 _aSchwierige Quarantäne.
_bPandemie: Ein Jahr blieb die Wichern-Diakonie von Corona verschont. Vorstand Kai Stähler erzählt von den Infektionen in mehreren Wohnstätten und zwei Todesfällen /
_cLisa Mahlke
653 _aFrankfurt (Oder)
653 _aPandemie / Corona
653 _aWichern-Diakonie
773 _dFrankfurt (Oder): Märkisches Verlags- und Druckhaus GmbH & Co KG
_g32. Jahrgang (2021) Nr. 81 vom 08.04.2021, S. 13
_tMärkische Oderzeitung
942 _cA